000 00921nam a22002777a 4500
003 OSt
005 20260427150724.0
008 260427b |||||||| |||| 00| 0 eng d
020 _a978-93-49531-65-9
037 _cReference
040 _aFEDL
_beng
_cFEDL
041 _aeng
_heng
082 _a181.4 SHA/RR
100 _aSharma, Raj Kishore, Ed.
_91235179
245 _aBharat samvaha:
_bValues through time/
_cedited by Raj Kishore Sharma; Jitender Kumar.
260 _aNew Delhi
_bKitabwale
_c2025
300 _a64p.
365 _aINR
_b190.00
490 _vV. 20
650 _aPHILOSOPHY OF INDIA
_91234613
650 _aANCIENT SOUL- BHARAT
_91235781
650 _aANCIENT BHARATIYA WORLDVIEW- HOLISTIC BLEND OF DHARAM- ARTH, KAMA AND MOKSHA
_91235782
700 _aJITENDER KUMAR, Ed.
_91235213
942 _2ddc
_cREF
_h181.4 SHA/RR
_n0
999 _c1848576
_d1848576